• 首页
  • 本馆介绍
  • 公告通知
  • 最新文献
  • 馆藏检索
  • 电子资源
  • 读者导购
  • 参考咨询
  • 我的图书馆
  • 登录
  • 详细信息显示
  • 放入我的书架
  • 预约/预借图书
  • 作者相关作品
  • 分类相关作品
  • 丛书相关作品
  • 出版社相关作品

书目信息

  • 表格格式
  • 工作单格式
  • 卡片格式
题名:
液晶光子学
    
 
作者: 罗丹 主编
分册:  
出版信息: 北京   电子工业出版社  2018
页数: xii, 269页
开本: 26cm
丛书名: “十三五”全国高等院校光电子类系列规划教材
单 册:
中图分类: O572.31-43
科图分类:
主题词: 液晶--ye jing--光子--高等学校--教材
电子资源:
ISBN: 978-7-121-34255-4
000 01373nam 2200313 450
001 012001001907
005 20131109113614.0
010    @a978-7-121-34255-4@dCNY49.00
099    @aCAL 012018088591
100    @a20180711d2018 ekmy0chiy50 ea
101 0  @achi
102    @aCN@b110000
105    @aak a 000yy
106    @ar
200 1  @a液晶光子学@Aye jing guang zi xue@f罗丹主编
210    @a北京@c电子工业出版社@d2018
215    @axii, 269页@c图@d26cm
225 2  @a“十三五”全国高等院校光电子类系列规划教材@A“ shi san wu ” quan guo gao deng yuan xiao guang dian zi lei xi lie gui hua jiao cai
312    @a英文题名取自封面
320    @a有书目
330    @a本书主要介绍国内外液晶光子学领域的最新研究动态,特别是液晶光子学材料及器件在新型显示技术和新型光子学器件方面的应用。本书共10章,内容包括液晶光场调控技术、蓝相液晶材料、蓝相液晶显示器、液晶激光器、铁电液晶、增强现实显示技术、液晶液滴与壳的光子学应用、等离激元光子学、光通信和太赫兹调控元件等。
333    @a本书作为高等院校专业教材,可供相关专业师生参考,也可供液晶光子学领域内工程技术人员阅读
410  0 @12001 @a“十三五”全国高等院校光电子类系列规划教材
510 1  @aLiquid crystal photonics@zeng
606 0  @a液晶@Aye jing@x光子@x高等学校@j教材
690    @aO572.31-43@v5
701  0 @a罗丹@Aluo dan@4主编
801  0 @aCN@b北京卓展@c20191020
905    @b1199241-4@dO572.31-43@e47@f4
    
    液晶光子学/罗丹主编.-北京:电子工业出版社,2018
    xii, 269页:图;26cm.-(“十三五”全国高等院校光电子类系列规划教材)
    使用对象:本书作为高等院校专业教材,可供相关专业师生参考,也可供液晶光子学领域内工程技术人员阅读
    
    ISBN 978-7-121-34255-4:CNY49.00
    本书主要介绍国内外液晶光子学领域的最新研究动态,特别是液晶光子学材料及器件在新型显示技术和新型光子学器件方面的应用。本书共10章,内容包括液晶光场调控技术、蓝相液晶材料、蓝相液晶显示器、液晶激光器、铁电液晶、增强现实显示技术、液晶液滴与壳的光子学应用、等离激元光子学、光通信和太赫兹调控元件等。
●
相关链接 在E读中查询图书 在五车中查询图书 在当当中查询图书 在豆瓣中查询图书


正题名:液晶光子学     索取号:O572.31-43/47         预约/预借

序号 登录号 条形码 馆藏地/架位号 状态 备注
1 1199241   211992414   第二样本阅览室/ [索取号:O572.31-43/47] 在馆    
2 1199242   211992423   第三借阅区/ [索取号:O572.31-43/47] 在馆    
3 1199243   211992432   第三借阅区/ [索取号:O572.31-43/47] 在馆    
4 1199244   211992441   第三借阅区/ [索取号:O572.31-43/47] 在馆    
唐山师范学院图书馆 欢迎您!
大连网信软件有限公司© 版权所有